Statistics for music trivia: 1991 songs and artists

Click here to take the quiz!

General Stats

  • This quiz has been taken 82 times
  • The average score is 7 of 15

Answer Stats

HintAnswer% Correct
Smells Like Teen SpiritNirvana
95%
Losing My ReligionR.E.M.
92%
Wicked GameChris Isaak
58%
Mysterious WaysU2
54%
Live and Let DieGuns N' Roses
51%
Learning to FlyTom Petty
45%
I'm Your Baby TonightWhitney Houston
45%
It Ain't Over Til It's OverLenny Kravitz
43%
From a DistanceBette Midler
40%
Something to Talk AboutBonnie Raitt
37%
Walking in MemphisMarc Cohn
34%
Baby BabyAmy Grant
31%
It"s So Hard to Say Goodbye to YesterdayBoyz II Men
23%
Everybody Plays the FoolAaron Neville
18%
Star SignTeenage Fanclub
6%

Score Distribution

Percentile by Number Answered

Percent of People with Each Score

Your Score History

You have not taken this quiz